Catálogo

Mejoramiento de edificios escolares en México con participación social : programas mejores escuelas = (Registro nro. 39846)

Detalles MARC
000 -LEADER
fixed length control field 02013cam a2200361 i 4500
001 - CONTROL NUMBER
control field 39846
003 - CONTROL NUMBER IDENTIFIER
control field Mx-PuUPA
005 - DATE AND TIME OF LATEST TRANSACTION
control field 20250429090907.0
008 - FIXED-LENGTH DATA ELEMENTS--GENERAL INFORMATION
fixed length control field 140415s2000 fr a r 000 0 mul d
020 ## - INTERNATIONAL STANDARD BOOK NUMBER
International Standard Book Number 9789264178823
040 ## - CATALOGING SOURCE
Original cataloging agency MX-PuUPA
Language of cataloging spa
Description conventions rda
Transcribing agency Mx-PuUPA
Modifying agency Mx-PuUPA
041 0# - LANGUAGE CODE
Language code of text/sound track or separate title spa
110 2# - MAIN ENTRY--CORPORATE NAME
Corporate name or jurisdiction name as entry element Organisation for Economic Co-operation and Development,
Relator term autor
9 (RLIN) 6041
245 10 - TITLE STATEMENT
Title Mejoramiento de edificios escolares en México con participación social : programas mejores escuelas =
Remainder of title Upgrading school buildings in Mexico with social participation : the better schools programme /
Statement of responsibility, etc. Alastair Blyth, Rodolfo Almeida, David Forrester [y otros dos].
246 33 - VARYING FORM OF TITLE
Title proper/short title Upgrading school buildings in Mexico with social participation : the better schools programme.
264 #1 - PRODUCTION, PUBLICATION, DISTRIBUTION, MANUFACTURE, AND COPYRIGHT NOTICE
Place of production, publication, distribution, manufacture México, D.F. :
Name of producer, publisher, distributor, manufacturer OECD Publishing,
Date of production, publication, distribution, manufacture, or copyright notice 2000
300 ## - PHYSICAL DESCRIPTION
Extent 120 páginas :
Other physical details ilustraciones ;
Dimensions 28 cm.
336 ## - CONTENT TYPE
Content type term texto
Fuente rdacontent
Content type code txt
337 ## - MEDIA TYPE
Media type term sin medio
Source rdamedia
Media type code n
337 ## - MEDIA TYPE
Media type term sin medio
Source rdamedia
Media type code n
338 ## - CARRIER TYPE
Carrier type term volumen
Source rdacarrier
Carrier type code nc
338 ## - CARRIER TYPE
Carrier type term remoto
Source rdacarrier
Carrier type code nc
650 #4 - SUBJECT ADDED ENTRY--TOPICAL TERM
Topical term or geographic name entry element Escuela activa
General subdivision Mantenimiento y reparación
Geographic subdivision México
650 #4 - SUBJECT ADDED ENTRY--TOPICAL TERM
Topical term or geographic name entry element Educación
Geographic subdivision México
General subdivision Asistencia económica
-- Evaluación
650 #4 - SUBJECT ADDED ENTRY--TOPICAL TERM
Topical term or geographic name entry element Infraestructura (Educación)
Geographic subdivision México
700 1# - ADDED ENTRY--PERSONAL NAME
Personal name Blyth, Alastair,
Relator term colaborador
700 1# - ADDED ENTRY--PERSONAL NAME
Personal name Almeida, Rodolfo,
Relator term colaborador
700 1# - ADDED ENTRY--PERSONAL NAME
Personal name Forrester, David,
Relator term colaborador
776 18 - ADDITIONAL PHYSICAL FORM ENTRY
Relationship information Reproducción digital (manifestación):
Main entry heading Organisation for Economic Co-operation and Development
Title Mejoramiento de edificios escolares en México con participación social : programas mejores escuelas = Upgrading school buildings in Mexico with social participation : the better schools programme /
International Standard Book Number 9789264183766
856 40 - ELECTRONIC LOCATION AND ACCESS
Host name oecd-ilibrary.org
Uniform Resource Identifier http://dx.doi.org/101787/97892641178823-en
-- http://dx.doi.org/101787/97892641178823-N
Link text Texto completo
Public note Versión digital, incluye tabla de contenido.
942 ## - ADDED ENTRY ELEMENTS (KOHA)
Source of classification or shelving scheme Dewey Decimal Classification
Koha item type Libro
Classification part 353.80972
Item part O685
Existencias
Withdrawn status Lost status Source of classification or shelving scheme Damaged status Not for loan Collection code Home library Current library Shelving location Date acquired Source of acquisition Total Checkouts Full call number Barcode Date last seen Price effective from Koha item type
    Dewey Decimal Classification     General Biblioteca Karol Wojtyla Biblioteca Karol Wojtyla Sala general 02/12/2017 Compra   353.80972 O685 2000 95376 05/01/2026 02/12/2017 Libro